Statistics for Disney guys

Click here to take the quiz!

General Stats

  • This quiz has been taken 33 times
    (20 since last reset)
  • The average score is 8 of 16

Answer Stats

Answer% Correct
Gaston
89%
Captain Hook
83%
Jafar
72%
Kristoff
72%
Flynn Rider
67%
Mowgli
67%
Prince Eric
67%
Maui
61%
John Smith
56%
Kronk
44%
Kuzco
39%
King Triton
33%
Li Shang
28%
Prince Naveen
28%
Milo James Thatch
6%
Roger
0%

Score Distribution

Percentile by Number Answered

Percent of People with Each Score

Your Score History

You have not taken this quiz since the last reset